000 00654nam a2200253Ia 4500
005 20260121154440.0
008 008 260114s9999 xx 000 0 eng d
020 _a9781003166566
037 _aEBOOK
040 _aCRL
040 _beng
040 _cCRL
041 _2eng
041 _aeng
084 _qCRL
100 _a Shireen Keyl
_91007345
245 0 _aDevelopment, Education, and Participatory Action Research to Empower Marginalized Groups
260 _bTaylor and Francis
260 _c2022
856 _uhttp://www.taylorfrancis.com/books/9781003166566
942 _cEBOOK
999 _c1574166
_d1574166